00658cam a22002291 450000100060000000300080000600500170001400800390003103500190007003500180008904000580010704100080016508200220017310000250019524500480022026000300026830000300029850400500032865000180037865000140039665000180041012241BD-RjUL20211208235247.0140128t19611961nyua b 001 0 eng a(BD-RjUL)12290 a(OCoLC)891100 aDLCcOCoDdOCoLCdMBU-MdUkdOCoLCdDLCdBD-RjULbeng aeng00a576216bSAM 19611 aSalton, Milton R. J.10aMicrobial cell walls /cby M. R. J. Salton. aNew York :bWiley,cc1961 a94 p. :billus. ;c20 cm. aIncludes bibliographical reference and index. 0aMicrobiology. 0aCytology. 0aBiochemistry.